Name every Yankees player for 2026 - Statistics

General Stats
  • This quiz has been taken 27 times
  • The average score is 15 of 52
Answer Stats
Hint Answer % Correct
Pitcher Gerrit Cole
96%
Pitcher Carlos Rodon
88%
Pitcher Max Fried
88%
Left Field Aaron Judge
63%
Center Field Aaron Judge
63%
Right Field Aaron Judge
63%
Designated Hitter Aaron Judge
63%
Right Field Giancarlo Stanton
54%
Designated Hitter Giancarlo Stanton
54%
Pitcher Luis Gil
54%
Second Base Jazz Chisholm Jr.
46%
Third Base Jazz Chisholm Jr.
46%
Center Field Jazz Chisholm Jr.
46%
Designated Hitter Jazz Chisholm Jr.
46%
First Base Cody Bellinger
42%
Center Field Cody Bellinger
42%
Right Field Cody Bellinger
42%
Catcher Ben Rice
38%
First Base Ben Rice
38%
Catcher Austin Wells
29%
Catcher J.C. Escarra
25%
First Base Oswaldo Cabrera
25%
Second Base Oswaldo Cabrera
25%
Third Base Oswaldo Cabrera
25%
Shortstop Oswaldo Cabrera
25%
Left Field Oswaldo Cabrera
25%
Right Field Oswaldo Cabrera
25%
Designated Hitter Oswaldo Cabrera
25%
First Base Paul Goldschmidt
25%
Shortstop Anthony Volpe
21%
Center Field Trent Grisham
21%
Pitcher Clarke Schmidt
13%
Pitcher Devin Williams
13%
Pitcher Fernando Cruz
13%
Left Field Jasson Dominguez
13%
Center Field Jasson Dominguez
13%
Right Field Jasson Dominguez
13%
Pitcher Tim Hill
13%
First Base DJ LeMahieu
8%
Second Base DJ LeMahieu
8%
Third Base DJ LeMahieu
8%
Designated Hitter DJ LeMahieu
8%
Pitcher Jake Cousins
8%
Pitcher Luke Weaver
8%
Second Base Oswald Peraza
8%
Third Base Oswald Peraza
8%
Catcher Alex Jackson
0%
Second Base Braden Shewmake
0%
Third Base Braden Shewmake
0%
Shortstop Braden Shewmake
0%
Pitcher Clayton Beeter
0%
Left Field Everson Pereira
0%
No matching quizzes found
Score Distribution
Percent of People with Each Score
Percentile by Number Answered
Your Score History
You have not taken this quiz